Alkane - Statistiken

Allgemein
  • Dieses Quiz wurde 391 mal gespielt
  • Das Durchschnittsergebnis liegt bei 8 aus 10
Antwortstatistiken
Nummer Formel Name % Korrekt
1 CH4 Methan
99%
2 C2H6 Ethan
95%
3 C3H8 Propan
86%
4 C4H10 Butan
82%
6 C6H14 Hexan
76%
7 C7H16 Heptan
75%
5 C5H12 Pentan
74%
8 C8H18 Octan
71%
9 C9H20 Nonan
68%
10 C10H22 Decan
66%
Keine übereinstimmenden Quizze gefunden
Verteilung der Resultate
Anzahl Personen mit jedem Resultat
Perzentil nach korrekt beantworteten Fragen
Ihre Resultats-Entwicklung
Sie haben dieses Quiz noch nicht gespielt